Grafy, seti i algoritmy

Salvato in:
Dettagli Bibliografici
Autore principale: Swamy, M.N.S
Altri autori: Thulasiraman, K.
Natura: Libro
Lingua:russo
Pubblicazione: Moskva Mir 1984
Tags: Aggiungi Tag
Nessun Tag, puoi essere il primo ad aggiungerne!!

MARC

LEADER 00000nam a2200000 4500
001 c111275
005 20041019155149.2
041 0 |a rus 
044 |a RU 
245 1 0 |a Grafy, seti i algoritmy  |c M.N.S. Swamy, K. Thulasiraman 
264 1 |a Moskva  |b Mir  |c 1984 
300 |a 454 s. 
100 1 |a Swamy, M.N.S. 
700 1 |a Thulasiraman, K.